Principles of athletic training: a competency-based approach
Guardat en:
| Autor principal: | |
|---|---|
| Format: | Llibre |
| Idioma: | anglès |
| Publicat: |
McGraw Hill
2014
|
| Etiquetes: |
Afegir etiqueta
Sense etiquetes, Sigues el primer a etiquetar aquest registre!
|
MARC
| LEADER | 00000nam a22000007a 4500 | ||
|---|---|---|---|
| 008 | 230116b |||||||| |||| 00| 0 eng d | ||
| 020 | |a ISBN: 978-0-07-802264-7 | ||
| 100 | |a PRENTICE, William E. | ||
| 245 | |a Principles of athletic training: |b a competency-based approach |c William E. Prentice |g xvii, 958p. : ill. | ||
| 250 | |b 15th ed. | ||
| 260 | |b McGraw Hill |c 2014 |h New York |i 687079 |l RC1210 .Pal |m Athletic trainers. |m Physical education and training. | ||
| 500 | |a “It includes references and index.” | ||
| 942 | |a lcc |c BK |e Yunusa, A.A. |f 16/01/23 | ||
| 952 | |0 0 |1 0 |2 lcc |4 0 |6 RC1210 P A L |7 0 |9 4152 |a HOL |b HOL |d 2023-01-16 |l 0 |o RC1210 .Pal |p 2023-0083 |r 2023-01-16 00:00:00 |w 2023-01-16 |y BK | ||
| 999 | |c 2079 |d 2079 | ||